تطور الجنس البشري : (Record no. 15595)

MARC details
000 -الفاتح
حقل البيانات ثابتة الطول 01441nam a22003135i 4500
003 - محدد رقم الضبط
رقم الضبط EG-ScBUE
005 - وقت وتاريخ اخر تعامل مع التسجيلة
رقم الضبط 20260513085855.0
008 - عناصر البيانات ثابتة الطول - معلومات عامة
حقل البيانات ثابتة الطول 110614s1981 ua a frb 001 0 ara d
017 ## - رقم الإيداع القانونى
رقم الإيداع القانونى 81 / 4401
020 ## - الرقم الدولى المعيارى للكتب
الرقم الدولى المعيارى للكتاب 9772664828
040 ## - مصدر الفهرسة
وكالة الفهرسة الأصلية EG-ScBUE
لغة الفهرسة ara
قواعد الوصف rda
وكالة النسخ EG-ScBUE
وكالة التعديل EG-ScBUE
082 04 - رقم تصنيف ديوى العشرى
رقم التصنيف 572
رقم المادة غ ل ا
رقم الطبعة 22
100 1# - المدخل الرئيسى - إسم شخصى
الإسم الشخصى غلاب، محمد السيد.
الدور مؤلف.
245 10 - بيان العنوان
العنوان تطور الجنس البشري :
بقية العنوان تطور الأحياء وظهور الإنسان. تطور العائلة البشرية. تصنيف السلالات البشرية. تطور السلالات البشرية وانتشارها في العالم /
بيان المسئوليه,etc الدكتور محمد السيد غلاب، أستاذ الجغرافيا والأنثروبولوجيا، جامعة القاهرة.
250 ## - بيان الطبعة
بيان الطبعة الطبعة السادسة.
264 #1 - النشر، التوزيع
مكان الناشر او الموزع القاهرة :
اسم الناشر او الموزع مكتبة الأنجلو المصرية،
تاريخ النشر أو التوزيع 1981.
300 ## - الوصف المادى
التعداد 413 صفحة :
تفاصيل ماديه اخرى للوعاء إيضاحيات ؛
أبعاد الوعاء 24 سم
336 ## - نوع المحتوى
source rdacontent
Carrier Type Term نص
Content Type Code txt
337 ## - نوع الوسيط
Media Type Term بدون وسيط
source rdamedia
Media Type Code n
338 ## - نوع الحامل أو الناقل
Carrier Type Term مجلد
Carrier Type Code nc
source rdacarrier
500 ## - تبصرة عامة
تبصرة عامة يشتمل على كشاف.
504 ## - تبصرة ببليوجرافية
تبصرة ببليوجرافية,الخ يشتمل على إرجاعات ببليوجرافية.
650 #7 - المدخل الاضافى بالموضوع-مصطلح موضوعى
مصطلح موضوعي أو اسم جغرافي كعنصر مدخل أصل الإنسان.
مصدر الرأس أو المصطلح BUEsh
650 #7 - المدخل الاضافى بالموضوع-مصطلح موضوعى
مصطلح موضوعي أو اسم جغرافي كعنصر مدخل الأجناس
التقسيم الفرعي العام تاريخ.
مصدر الرأس أو المصطلح BUEsh
650 #7 - المدخل الاضافى بالموضوع-مصطلح موضوعى
مصطلح موضوعي أو اسم جغرافي كعنصر مدخل السلالات البشرية.
مصدر الرأس أو المصطلح BUEsh
9 (RLIN) 21514
653 ## - مصطلح تكشيفى غير مقيد
Resource For college Generalities
Arrived date list February2018
655 ## - مصطلح تكشيفى-نوع/شكل
التقسيم الفرعي الشكلي Reading book
942 ## - عناصر المدخل الإضافي( كوها)
مصدر التصنيف او مخطط الترفيف Dewey Decimal Classification
Holdings
حالة التراجع حالة الفقد مصدر التصنيف او خطة الترفيف حالة تلف ليس للاعارة المكان الدائم المكان الحالي موقع الترفيف تاريخ الاكتساب Source of acquisition رقم الاستدعاء الباركود Date last seen نوع الوعاء
    Dewey Decimal Classification     Central Library Central Library First floor 14/06/2011 Purchase 557 غ ل ا 000024195 15/07/2025 Book - Borrowing